A Manual of International Dispute Resolution

Detalles Bibliográficos
Autor principal: Connerty, Anthony
Autor Corporativo: Commonwealth Secretariat
Formato: Desconocido
Lenguaje:español
Publicado: London : Commonwealth Secretariat, 2006
Materias:
Acceso en línea:Acceso restringido

MARC

LEADER 00000ny a22000003n 4500
005 20110520110013.0
008 080714s2006 sp s 000 0 spa c
020 |a 978-8-0-85092-837-2 
035 |a 1996 
040 |a UMA.RE  |d vlex 
080 |a 341.981.5(0.034) 
090 |c 79  |d 79 
100 1 |a Connerty, Anthony 
245 1 2 |a A Manual of International Dispute Resolution  |h [Recurso electrn̤ico]  |c Anthony Connerty 
256 |a Servicio en ln̕ea 
260 |a London :  |b Commonwealth Secretariat,  |c 2006 
506 1 |a Contenido solo disponible en los productos indicados  |d vLex Global  |d vLex Global (Academic Edition, excluding Law Schools)  |d vLex Global (U.S. Academic Edition, Law Schools)  |d vLex Global (U.S. Academic Edition, excluding Law Schools)  |d vLex Global (Academic Edition, Law Schools) 
650 0 7 |a Derecho internacional  |2 Tesauro vLex 
650 0 7 |a Civil  |2 Tesauro vLex 
710 2 |a Commonwealth Secretariat 
740 0 |a vLex Libros (Servicios en ln̕ea) 
856 4 0 |u http://vlex.com/source/1996  |z Acceso restringido 
942 |c BOOK 
999 0 |a International Law  |a Arbitration, International  |v En ln̕ea  |b Spain